Meilleures ventes de 45 tours Année 1980 - Statistiques

Statistiques générales
  • Ce quiz a été pris 77 fois
  • Le résultat moyen est 39 sur 100
Statistiques - réponses
Classement Titres Artistes % Correct
6 Il jouait du piano debout France Gall
95%
16 Mon fils, ma bataille Daniel Balavoine
92%
53 Roxanne Police
90%
59 Don't stand so close to me Police
90%
68 De doo doo doo De da da da Police
90%
4 Amoureux solitaires Lio
89%
8 Le banana split Lio
89%
30 La groupie du pianiste / Quelques mots d'amour Michel Berger
87%
81 You shook me all night long ACDC
83%
95 Highway to hell ACDC
83%
17 Couleur menthe à l'eau Eddy Mitchell
83%
38 Walking on the moon Police
83%
66 Anti-social Trust
79%
100 L'élite Trust
79%
83 Dans mon H.L.M - Marche à l'ombre Renaud
76%
15 Bécassine Chantal Goya
75%
32 C'est Guignol Chantal Goya
75%
50 Pipotin Chantal Goya
75%
29 L'encre de tes yeux Francis Cabrel
73%
51 Si j'étais président Gérard Lenorman
71%
5 Gaby oh Gaby Alain Bashung
70%
26 Super trouper Abba
68%
65 The winner takes it all Abba
68%
46 Call me Blondie
67%
52 Atomic Blondie
67%
56 Le coup de soleil Richard Cocciante
59%
64 Could you be loved Bob Marley & The Wailers
57%
33 Je n'ai pas changé Julio Iglesias
57%
34 Il faut toujours un perdant Julio Iglesias
57%
55 C'est ma vie Julio Iglesias
57%
13 La salsa du démon Grand Orchestre du Splendid
56%
37 Macao Grand Orchestre du Splendid
56%
31 Babooshka Kate Bush
56%
2 T'es Ok Ottawan
54%
1 Woman in love Barbra Streisand
51%
25 Une femme amoureuse Mireille Mathieu
49%
40 Upside down Diana Ross
46%
19 Ouvre-moi la Porte - La France de mon enfance Enrico Macias
44%
61 A partir de maintenant Johnny Hallyday
43%
92 Un diable entouré d'anges - La fille de l'hiver Johnny Hallyday
43%
14 Fame Irene Cara
41%
73 Ashes to ashes David Bowie
40%
36 K7 - Si j'étais Michel Sardou
40%
82 Je ne suis pas mort , je dors Michel Sardou
40%
7 Reviens Hervé Vilard
38%
80 Quand t'es dans le désert Jean-Patrick Capdevielle
38%
85 C'est dur d'etre un héros Jean-Patrick Capdevielle
38%
12 One step beyond Madness
38%
77 Night boat to Cairo Madness
38%
21 Elle Didier Barbelivien
37%
10 Si Karen Cheryl
35%
43 La marche des machos Karen Cheryl
35%
58 Tchoo tchoo Karen Cheryl
35%
20 Tiroli Tirola Linda de Suza
33%
74 Un enfant peut faire chanter le monde Linda de Suza
33%
47 Primitif Richard Gotainer
33%
3 Les jardins du ciel Jairo
29%
24 Johnny and Mary Robert Palmer
27%
62 Emotional rescue Rolling Stones
27%
44 Emmanuelle François Valéry
25%
70 Tape tape Sylvie Vartan
25%
87 King of the world Sheila & B.Devotion
24%
99 Géant Alain Chamfort
22%
84 Bahama mama Boney M
21%
89 Children of paradise Boney M
21%
96 My friend Jack Boney M
21%
11 Everybody's got to learn sometimes Korgis
21%
28 Master blaster Stevie Wonder
21%
88 ( Just like ) starting over John Lennon
19%
79 Give me the night George Benson
17%
9 Vis ta vie Jeane Manson
17%
67 Tu es venu Jeane Manson
17%
18 Funkytown Lipps Inc.
17%
60 Xanadu Olivia Newton-John & Electric Light Orchestra
16%
41 Food for thought UB40
16%
91 Coming up Paul McCartney
14%
90 Natacha Annie Cordy
13%
98 Señorita Raspa Annie Cordy
13%
27 Lui Michèle Torr
13%
22 When i'm with you Sparks
11%
42 What's another year Johnny Logan
8%
76 La marelle Nazaré Pereira
8%
69 Brass in pocket Pretenders
8%
72 Passion Rod Stewart
8%
45 The plastic age Buggles
6%
54 Ma keen dawn Five Letters
6%
49 Mon pays c'est le soleil Georges Chakiris
6%
23 B.O Albator " le corsaire de l'espace " Jean-Pierre Savelli
6%
39 Papa pingouin Sophie et Magaly
6%
63 Ok Fred Errol Dunkley
5%
48 La faute à Voltaire Fabrice Bernard
5%
97 Believe in me Gilbert Montagné
5%
71 Ooh ! Yes i do Luv'
5%
86 Joyeux Noël Roland Magdane
5%
35 Rapper's delight Sugarhill Gang
5%
78 Dur dur Alex et les Lézards
3%
93 Ma parole Patrick Loiseau
3%
94 Su di noi Pupo
3%
75 What you're proposing Status Quo
3%
57 Gangsters Specials
0%
Aucun quiz correspondant
Distribution des résultats
% des personnes avec chaque résultat
Percentile par nombre de réponses
Votre historique - résultats
Vous n’avez pas pris ce quiz